Statistics for Non-Landlocked Countries of the World Quiz

Click here to take the quiz!

General Stats

  • This quiz has been taken 104 times
  • The average score is 134 of 151

Answers on the Map

Answers color-coded by a green-red scale on the quiz's map according to % correct below.
 

Answer Stats

Country% Correct
United States
97%
Canada
94%
Finland
93%
France
93%
Mexico
93%
Russia
93%
United Kingdom
93%
Bahamas
92%
China
92%
Costa Rica
92%
Cuba
92%
Denmark
92%
Guatemala
92%
Honduras
92%
Ireland
92%
Nicaragua
92%
Panama
92%
Portugal
92%
Spain
92%
Argentina
91%
Australia
91%
Belize
91%
Brazil
91%
Chile
91%
Colombia
91%
Dominican Republic
91%
Ecuador
91%
Germany
91%
Guyana
91%
Iceland
91%
Italy
91%
Jamaica
91%
New Zealand
91%
Norway
91%
Papua New Guinea
91%
Peru
91%
Suriname
91%
Sweden
91%
Uruguay
91%
Venezuela
91%
Albania
90%
Antigua and Barbuda
90%
Belgium
90%
Cyprus
90%
Dominica
90%
El Salvador
90%
Fiji
90%
Greece
90%
Haiti
90%
India
90%
Indonesia
90%
Japan
90%
Kiribati
90%
Malaysia
90%
Netherlands
90%
North Korea
90%
Philippines
90%
Saint Lucia
90%
South Korea
90%
Taiwan
90%
Algeria
89%
Bangladesh
89%
Bosnia and
Herzegovina
89%
Bulgaria
89%
Cambodia
89%
Croatia
89%
Egypt
89%
Eritrea
89%
Estonia
89%
Federated States of
Micronesia
89%
Ghana
89%
Iran
89%
Iraq
89%
Israel
89%
Jordan
89%
Latvia
89%
Libya
89%
Madagascar
89%
Maldives
89%
Marshall Islands
89%
Morocco
89%
Oman
89%
Pakistan
89%
Palau
89%
Poland
89%
Qatar
89%
Romania
89%
Saint Kitts and Nevis
89%
Saudi Arabia
89%
Solomon Islands
89%
Somalia
89%
South Africa
89%
Sri Lanka
89%
Syria
89%
Thailand
89%
Tonga
89%
Tunisia
89%
Turkey
89%
Ukraine
89%
United Arab Emirates
89%
Vietnam
89%
Yemen
89%
Bahrain
88%
Barbados
88%
Cape Verde
88%
Kenya
88%
Lithuania
88%
Malta
88%
Myanmar
88%
Nauru
88%
Saint Vincent and the
Grenadines
88%
Samoa
88%
Senegal
88%
Slovenia
88%
Sudan
88%
Togo
88%
Trinidad and Tobago
88%
Angola
87%
Cameroon
87%
Democratic Republic
of the Congo
87%
Georgia
87%
Grenada
87%
Kuwait
87%
Lebanon
87%
Liberia
87%
Mauritania
87%
Namibia
87%
Republic of the Congo
87%
São Tomé and Príncipe
87%
Seychelles
87%
Sierra Leone
87%
Tuvalu
87%
Brunei
86%
Comoros
86%
Djibouti
86%
Equatorial Guinea
86%
Gabon
86%
Gambia
86%
Guinea
86%
Guinea-Bissau
86%
Ivory Coast
86%
Mauritius
86%
Montenegro
86%
Mozambique
86%
Nigeria
86%
Tanzania
86%
Vanuatu
86%
Benin
84%
East Timor
83%
Singapore
83%
Monaco
79%

Score Distribution

Percentile by Number Answered

Percent of People with Each Score

Your Score History

You have not taken this quiz